00855nam a2200241Ia 450000500170000000800370001702000180005404100080007224501300008025000180021030000250022849000230025350000730027665000310034965000340038070000250041426400380043933600270047733700330050433800280053704000350056508400130060020220317001838.0170410s2009 s g 000 j s a9788483930229 aspa00aLos cuentos más breves del mundobvolumen Ibde Esopo a Kafkablos precursores del microrrelatocedición de Eduardo Berti a2a. edición a284 páginasc21 cm aVoces : literatura aIncluye datos biográficos de los autores, traductores y del editor142LEMBaCuentosvColecciones142LEMBaLiteraturavColecciones1 aBerti, Eduardd1964- aMadridbPáginas de Espumac2009 atextobtxt2rdacontent asin mediaciónbn2rdamedia avolumenbnc2rdacarrier aCO-BoRNBPbspaerdacCO-BoRNBP aC CUE158